<?xml version="1.0" encoding="UTF-8"?>
<record
    xmlns:xsi="http://www.w3.org/2001/XMLSchema-instance"
    xsi:schemaLocation="http://www.loc.gov/MARC21/slim http://www.loc.gov/standards/marcxml/schema/MARC21slim.xsd"
    xmlns="http://www.loc.gov/MARC21/slim">

  <leader>01093    a2200169   4500</leader>
  <controlfield tag="003">NUST</controlfield>
  <controlfield tag="005">20221229165943.0</controlfield>
  <datafield tag="040" ind1=" " ind2=" ">
    <subfield code="c">Nust</subfield>
  </datafield>
  <datafield tag="082" ind1=" " ind2=" ">
    <subfield code="a">356.1,INF</subfield>
  </datafield>
  <datafield tag="100" ind1=" " ind2=" ">
    <subfield code="a">Erwin</subfield>
    <subfield code="9">106431</subfield>
  </datafield>
  <datafield tag="245" ind1=" " ind2=" ">
    <subfield code="a">Infantry in battle /</subfield>
  </datafield>
  <datafield tag="260" ind1=" " ind2=" ">
    <subfield code="a">Washington</subfield>
    <subfield code="b">United state</subfield>
    <subfield code="c">1934</subfield>
  </datafield>
  <datafield tag="300" ind1=" " ind2=" ">
    <subfield code="a">386,p.;</subfield>
  </datafield>
  <datafield tag="505" ind1=" " ind2=" ">
    <subfield code="a">Obscurity (Page-1), Simplicity (Page-16), Rules (Page-34), Surprise (Page-48), Mobility (Page-61), Terrain (Page-73), Miracles (Page-83), Decisions (Page-93), Optimism and tenacity (Page-108), Orders (Page-122), Counter orders (Page-137), Supervision (Page-146), Control (Page-156), Command and Communication (Page-170), Action and Morale (Page-184), Nearing the Enemy (Page-193), The Advanced to the Attack (Page-207), Battle Reconnaissance (Page-218), Time and Space (Page-237), Direction (Page-250), The Plan (Page-266), Scheme of maneuver and Main Effort (Page-278), Fire (Page-290), Fire of Machine Guns (Page-306), Infiltration (Page-317), Infantry- Artillery Team (Page-335), Night Attacks (Page-359).  </subfield>
  </datafield>
  <datafield tag="650" ind1=" " ind2=" ">
    <subfield code="a">Infantry in battle</subfield>
    <subfield code="9">106432</subfield>
  </datafield>
  <datafield tag="942" ind1=" " ind2=" ">
    <subfield code="2">ddc</subfield>
    <subfield code="c">BK</subfield>
    <subfield code="k">356.1,INF</subfield>
  </datafield>
  <datafield tag="999" ind1=" " ind2=" ">
    <subfield code="c">185600</subfield>
    <subfield code="d">185600</subfield>
  </datafield>
  <datafield tag="952" ind1=" " ind2=" ">
    <subfield code="0">0</subfield>
    <subfield code="1">0</subfield>
    <subfield code="2">ddc</subfield>
    <subfield code="4">0</subfield>
    <subfield code="7">0</subfield>
    <subfield code="a">MCS</subfield>
    <subfield code="b">MCS</subfield>
    <subfield code="c">GEN</subfield>
    <subfield code="d">2016-12-12</subfield>
    <subfield code="o">356.1,INF</subfield>
    <subfield code="p">MCS21530</subfield>
    <subfield code="r">2023-02-23</subfield>
    <subfield code="w">2016-12-12</subfield>
    <subfield code="y">BK</subfield>
    <subfield code="z">Almirah No.53, Shelf No.4</subfield>
  </datafield>
</record>
